Geography Generator Puzzle #7 - Statistics

General Stats
  • This quiz has been taken 14,456 times
    14,235 since last reset
  • The average score is 13 of 21
Answer Stats
Hint Answer % Correct
Fourth rock from the Sun Mars
92%
Peruvian city Lima
91%
Pre-euro Italian currency Lira
86%
63,360 inches Mile
85%
Neighbor of Syria Israel
78%
Man, Wight, or Skye Isle
77%
Word after Pall or shopping Mall
74%
Indian dress Sari
69%
Bamako's country Mali
60%
Hawaiian flower necklace Lei
58%
___ Jayawardenepura Kotte Sri
58%
British noble rank Earl
56%
Title of Qatar's monarch Emir
55%
Fruit of the Florida Keys Lime
55%
Capital of the Maldives Malé
53%
9-letter word MARSEILLE
52%
Tableland - its Spanish name is appropriate Mesa
48%
St Kitts, Antigua, St Martin {Lee}ward Islands
42%
Alabama site of a 1965 civil rights march Selma
39%
Iranian (and Omani) currency Rial
31%
French city, largest in Champagne-Ardenne region Reims
23%
No matching quizzes found
Score Distribution
Percent of People with Each Score
Percentile by Number Answered
Your Score History
You have not taken this quiz since the last reset